The development of accounting theory (Record no. 39987)

MARC details
000 -LEADER
fixed length control field 00661nam a2200169 a 4500
008 - FIXED-LENGTH DATA ELEMENTS--GENERAL INFORMATION
fixed length control field 120416s0000 ||||||||||||||||| || u
020 ## - INTERNATIONAL STANDARD BOOK NUMBER
International Standard Book Number 0824053362
050 ## - LIBRARY OF CONGRESS CALL NUMBER
Classification number HF 5625 Dev
100 ## - MAIN ENTRY--PERSONAL NAME
Personal name Aitken, Michael J
245 14 - TITLE STATEMENT
Title The development of accounting theory
Statement of responsibility, etc. edited by Michael J. R. Gaffikin
246 ## - VARYING FORM OF TITLE
Title proper/short title significant contributors to accounting thought in the 20th. Century
260 ## - PUBLICATION, DISTRIBUTION, ETC.
Place of publication, distribution, etc. New York
Name of publisher, distributor, etc. Garland
Date of publication, distribution, etc. 1982
300 ## - PHYSICAL DESCRIPTION
Extent viii, 272p. : ill
350 ## - PRICE (NR) (BK AM CF MU VM SE) [OBSOLETE]
Price 0.00
700 ## - ADDED ENTRY--PERSONAL NAME
Personal name Gaffikin, Michael J. R
995 ## - RECOMMENDATION 995 [LOCAL, UNIMARC FRANCE]
-- 0.00
-- CBU-MAIN LIBRARY (Kitwe)
-- 1
-- 40.00
-- AVAILABLE
-- Annex Low-Usage Collection
Holdings
Withdrawn status Lost status Source of classification or shelving scheme Damaged status Not for loan Home library Current library Shelving location Date acquired Total Checkouts Full call number Barcode Date last seen Price effective from Koha item type
          CBU-MAIN LIBRARY, KITWE. CBU-MAIN LIBRARY, KITWE.   11/30/2022   HF 5625 Dev 006172 11/30/2022 11/30/2022 MONOGRAPH